Focus sur: Milo Fouine - Tolkien - Statistiques

Statistiques générales
  • Ce quiz a été pris 2 fois
  • Le résultat moyen est 3 sur 13
Statistiques - réponses
Informations recherchées Réponses % Correct
Espèce Hobbit
100%
Contrée Comté
50%
Première mention Le Seigneur des Anneaux: La Communauté de l'Anneau
50%
Age durant lequel il vécut Troisième/Quatrième?
50%
Mère Asphodel Brandebouc
0%
Ville Château-Brande
0%
Minton Fouine
0%
Fils Moscon Fouine
0%
Moton Fouine
0%
Fille Myrtille Fouine
0%
Epouse Pivoine Sacquet
0%
Père Rufus Fouine
0%
Autre traduction du nom Terrier
0%
Aucun quiz correspondant
Distribution des résultats
% des personnes avec chaque résultat
Percentile par nombre de réponses
Votre historique - résultats
Vous n’avez pas pris ce quiz